000 00664nam a2200181 a 4500
008 120416s1970 ||||||||||||||||| || u
020 _a044440810X
050 _aTK 9009 Els
100 _aClason, W. E
245 1 0 _aElsevier's dictionary of nclear science and technology: in six languages. (2nd rev. ed.)
_ccompiled by W. E. Clason
250 _a2nd rev. e
260 _aAmsterdam
_bElsevier Pub
_c1970
300 _a787p.
350 _a0.00
650 7 _aSCIENCE
_2fast
650 _aNUCLEAR PHYSICS--DICTIONARIES--POLYGLOT
995 _D0.00
_FCBU-MAIN LIBRARY (Kitwe)
_H1
_I45.00
_M1
_UREFERENCE
_ZReference Collection
999 _c41710
_d41710